| 000 | 01730nam a22004337a 4500 | ||
|---|---|---|---|
| 003 | CHAP | ||
| 005 | 20220329143718.0 | ||
| 008 | 110325s2011 mx r 00010 spa d | ||
| 010 | _a100739 | ||
| 011 | _a101711 | ||
| 035 | _a112399 | ||
| 040 | _cCHAP | ||
| 090 | _aTesis | ||
| 100 | 1 |
_aCabral López, Francisco. _916630 |
|
| 245 | 1 | 0 |
_aDinámica espaciotemporal de uso del suelo en la umafor 12 del Estado de México mediante el uso de sistemas de información geográfica : (1990 - 2007) _h[En línea] _c/por Francisco Cabral López |
| 260 |
_aChapingo, Méx. : _bEl autor, _c2011 |
||
| 502 | _aTesis (Ing. en Restauración Forestal) -- UACH. División de Ciencias Forestales | ||
| 530 | _atambièn disponible en lìnea | ||
| 590 |
_aALEPH _b10 _c20130110 _lUCH01 _h1540 |
||
| 590 |
_aBATCH-UPD _b10 _c20130110 _lUCH01 _h1157 |
||
| 590 |
_aBATCH-UPD _b10 _c20130410 _lUCH01 _h0740 |
||
| 590 |
_aBATCH-UPD _b10 _c20130914 _lUCH01 _h0800 |
||
| 590 |
_aBATCH-UPD _b10 _c20140324 _lUCH01 _h1524 |
||
| 590 |
_aBATCH-UPD _b10 _c20141002 _lUCH01 _h0848 |
||
| 590 |
_aBATCH _b00 _c20181121 _lUCH01 _h0759 |
||
| 590 |
_aCONVERSION _b10 _c20130109 _lUCH01 _h1356 |
||
| 650 | 1 | 4 |
_aCambio climático _xSuelos. _917783 |
| 650 | 1 | 4 |
_aEcología forestal. _935176 |
| 650 | 1 | 4 |
_aFotointerpretación. _942728 |
| 650 | 1 | 4 |
_aProcesamiento automático de datos. _991738 |
| 650 | 1 | 4 |
_aQuema controlada. _993164 |
| 650 | 1 | 4 |
_aValle de México. _9117587 |
| 856 |
_3Finding aid _uhttp://10.13.5.2/tesis/112399.pdf _zTeclea aqui |
||
| 856 |
_a1 _n0001099 |
||
| 901 | _aBK | ||
| 942 | _cFOLL | ||
| 949 |
_aTesis _bBC _cTES _d33724002259579 _eTS2 _fc.2 _gDonaciØn _h52103 _i112399 _st |
||
| 949 |
_aTesis _bBC _cTES _d33724002259611 _eTS1 _gDonaciØn _h52102 _i112399 _st |
||
| 999 |
_c100739 _d100739 |
||